| 000 | 00565nam a2200229 a 4500 | ||
|---|---|---|---|
| 999 |
_c6978 _d6978 |
||
| 001 | 6978 | ||
| 003 | BD-JhCC | ||
| 005 | 20180203125632.0 | ||
| 008 | 171210s1957 bg |||| ||a| 001 0 eng d | ||
| 035 | _a(BD-JhCC)6978 | ||
| 040 |
_aBD-JhCC _dBD-JhCC |
||
| 041 | _aeng | ||
| 082 |
_a574 _bBHU 1957 |
||
| 100 | _aBhuya, A. H. | ||
| 245 |
_aA text-Book of Biology / _cA. H. Bhuya; R. W. Timm |
||
| 260 |
_aDhaka : _bMullick Brothers., _c1957. |
||
| 300 |
_a600 p. : _c21 cm. |
||
| 650 | _aBiology | ||
| 700 | _aTimm, R. W. | ||
| 942 |
_2ddc _cBK |
||